| 000 | 00357nam a2200133Ia 4500 | ||
|---|---|---|---|
| 008 | 240624s9999 xx 000 0 und d | ||
| 041 | _aeng | ||
| 082 | _a330.15195 NAC | ||
| 100 | _aNACHANE D M | ||
| 245 | _aECONOMETRIC MODELS THEORY AND APPLICATIO | ||
| 260 |
_c2004 _aNew Delhi _bAllied Publishers |
||
| 300 | _avi, : 233 : p. : cm. ; 26 | ||
| 365 |
_cRS _b30 |
||
| 999 |
_c5107 _d5107 |
||